header

Looking beyond the horizon (Record no. 30503)

MARC details
000 -LEADER
fixed length control field 01805nam a2200397Ia 4500
082 04 - DEWEY DECIMAL CLASSIFICATION NUMBER
Classification number 632/.1
245 00 - TITLE STATEMENT
Title Looking beyond the horizon
260 ## - PUBLICATION, DISTRIBUTION, ETC. (IMPRINT)
Place of publication Washington, D.C. :
Name of publisher World Bank,
Year of publication 2013.
300 ## - PHYSICAL DESCRIPTION
Number of Pages xx, 177 p. :
Other physical details ill. (chiefly col.), col. maps.
490 1# - SERIES STATEMENT
Series statement Directions in development
650 #0 - SUBJECT ADDED ENTRY--TOPICAL TERM
Topical Term Crops and climate
Topical Term Crops and climate
Topical Term Climatic changes
Topical Term Climatic changes
700 1# - ADDED ENTRY--PERSONAL NAME
Personal name Sutton, William R.,
Personal name Srivastava, Jitendra,
Personal name Neumann, James E.,
856 40 - ELECTRONIC LOCATION AND ACCESS
Uniform Resource Identifier http://site.ebrary.com/lib/rucke/Doc?id=10685353

No items available.

© 2026 Rongo University
Contact us: librarian | system librarian | Rongo university